Look Unto Jesus / (Record no. 16558)

MARC details
000 -LEADER
fixed length control field 00600nam a2200205 4500
008 - FIXED-LENGTH DATA ELEMENTS--GENERAL INFORMATION
fixed length control field 240209b |||||||| |||| 00| 0 eng d
016 ## - NATIONAL BIBLIOGRAPHIC AGENCY CONTROL NUMBER
Source retro2021
020 ## - INTERNATIONAL STANDARD BOOK NUMBER
ISBN 978364498
040 ## - CATALOGING SOURCE
Original cataloging agency NLN
Language of cataloging Eng
100 ## - MAIN ENTRY--AUTHOR
Author BAMIGBOYE, Timothy D.
Relator term aut
245 ## - TITLE STATEMENT
Title Look Unto Jesus /
Statement of responsibility, etc Timothy D. Bamigboye
260 ## - PUBLICATION, DISTRIBUTION, ETC. (IMPRINT)
Place of publication Oshodi, Lagos state ( No.16 Salimonu Street ) :
Name of publisher Abounding Grace,
Date of publication 1999
300 ## - COLLATION
Pagination ; i,57p.
Other physical details ; 17cm
563 ## - BINDING INFORMATION
Binding note (pbk)
650 ## - TRACINGS
Main Subject Trust in God
650 ## - TRACINGS
Main Subject Christian life
Subdivision (1st) Biblical teaching
942 ## - ADDED ENTRY ELEMENTS (KOHA)
Item type Books
050 ## - LIBRARY OF CONGRESS CALL NUMBER
Classification number BV4637
Item number .B199
082 ## - DEWEY DECIMAL CLASSIFICATION NUMBER
Classification number 234.23
Holdings
Source of classification or shelving scheme Not for loan Home library Current library Date acquired Full call number Barcode. Koha item type
Library of Congress Classification   IBADAN BRANCH LIBRARY National Library of Nigeria 09/02/2024 TL152.6.C559 2024-555552416855166 Books

National Library of Nigeria OPAC is powered by Koha